| 000 | 00881cam a22002414a 4500 | ||
|---|---|---|---|
| 005 | 20060824132136.0 | ||
| 008 | 051117s2007 maua b 001 0 eng | ||
| 010 | _aENG-91270 | ||
| 020 |
_a9788120335172 _c150.00 |
||
| 035 | _aEN-74803 | ||
| 037 | _bDBAD / PUB | ||
| 040 |
_adpl _bEnglish |
||
| 082 | _a005.1 | ||
| 100 | _aMohan, I. Chandra | ||
| 245 |
_aDesign & analysis of algorithms / _cby I. Chandra Mohan |
||
| 260 |
_aNew Delhi _bPrentice-Hall of india _c2008 |
||
| 300 |
_axiii, 162 p. : _bill. ; _c24 cm (pbk) |
||
| 504 | _aIncludes index. | ||
| 650 | _aComputer algorithms. | ||
| 856 | _uhttp://www.loc.gov/catdir/toc/ecip063/2005033620.html | ||
| 942 |
_2ddc _cEN _h005.1 _mMOH |
||
| 999 |
_c16582 _d16582 |
||